Normal view
MARC view
- منظمات الاعمال-ادارة اعمال
Entry Topical Term
001 - CONTROL NUMBER
- control field: 33167
003 - CONTROL NUMBER IDENTIFIER
- control field: JO-AjAnu
005 - DATE AND TIME OF LATEST TRANSACTION
- control field: 20230606075552.0
008 - FIXED-LENGTH DATA ELEMENTS
- fixed length control field: 230606|| aca||aabn | a|a d
040 ## - CATALOGING SOURCE
- Original cataloging agency: JO-AjAnu
- Transcribing agency: JO-AjAnu
150 ## - HEADING--TOPICAL TERM
- Topical term or geographic name entry element: منظمات الاعمال-ادارة اعمال
670 ## - SOURCE DATA FOUND
- Source citation: Work cat.: (JO-AjAnu)17039: زيارة،فريد فهمي, author 33166, وظائف منظمات الاعمال مدخل معاصر